000 00491nam a2200169Ia 4500
999 _c35507
_d35507
003 OSt
005 20200701151333.0
008 190216s9999||||xx |||||||||||||| ||und||
040 _coclc
082 _a909.07
_bART/M
100 _aArtz, F B
_93425
245 0 _aMind Of The Middle Ages:
_bAn Historical Survey AD 200-1500 /
_cF B Artz
260 _bA S Publications,
_c1952.
300 _a584p
650 _aHistory
942 _cREF
_2ddc
_h909.07
_iART/M
_k909.07
_mART/M